| 000 | 00740nam a2200253 a 4500 | ||
|---|---|---|---|
| 001 | 69032 | ||
| 003 | BD-RjUL | ||
| 005 | 20211209081837.0 | ||
| 008 | 720601s1972 ja a b 00110 eng d | ||
| 035 | _a(BD-RjUL)69243 | ||
| 035 | _a1073226 | ||
| 040 |
_aANL _beng _dBD-RjUL _cBD-RjUL |
||
| 041 | _aeng | ||
| 082 | 0 |
_223 _a621.381 _bMII 1972 |
|
| 100 | 1 |
_aMillman, Jacob, _d1911- _9204526 |
|
| 245 | 1 | 0 |
_aIntegrated electronics / _cJacob Millman and C. C. Halkias. |
| 260 |
_aTokyo : _bMcGraw-Hill Kogakusha. _c[?] |
||
| 300 |
_a911 p. : _bill. ; _c24 cm. |
||
| 504 | _aIncludes bibliographical references and index. | ||
| 650 | 0 |
_aElectronics. _9204527 |
|
| 700 | 1 |
_aHalkias, C. C. _9204528 |
|
| 942 |
_2ddc _cBK |
||
| 999 |
_c69032 _d69032 |
||